| 000 | 01216nam a2200325Ia 4500 | ||
|---|---|---|---|
| 001 | ebr10058216 | ||
| 003 | CaPaEBR | ||
| 006 | m u | ||
| 007 | cr cn||||||||| | ||
| 008 | 080604s1970 enk sb 000 0 eng d | ||
| 010 | _z 72515319 | ||
| 020 | _z0203195116 | ||
| 020 | _z0710065914 | ||
| 040 |
_aCaPaEBR _cCaPaEBR |
||
| 035 | _a(OCoLC)568132095 | ||
| 050 | 1 | 4 |
_aPR6023.A93 _bZ6245 1970eb |
| 245 | 0 | 0 |
_aD. H. Lawrence _h[electronic resource] / _cedited by R. P. Draper. |
| 260 |
_aLondon : _bRoutledge & K. Paul, _c[1970] |
||
| 300 | _axvi, 377 p. | ||
| 490 | 1 | _aThe Critical heritage series | |
| 504 | _aIncludes bibliography. | ||
| 533 |
_aElectronic reproduction. _bPalo Alto, Calif. : _cebrary, _d2009. _nAvailable via World Wide Web. _nAccess may be limited to ebrary affiliated libraries. |
||
| 600 | 1 | 0 |
_aLawrence, D. H. _q(David Herbert), _d1885-1930. |
| 650 | 0 |
_aEnglish literature _y20th century. |
|
| 655 | 7 |
_aElectronic books. _2local |
|
| 700 | 1 |
_aDraper, Ronald P., _d1928- |
|
| 710 | 2 | _aebrary, Inc. | |
| 830 | 0 | _aCritical heritage series. | |
| 856 | 4 | 0 |
_uhttp://site.ebrary.com/lib/rucke/Doc?id=10058216 _zAn electronic book accessible through the World Wide Web; click to view |
| 999 |
_c68167 _d68167 |
||